The curse of the plastic bag: an analysis of the effect of plastic bag, implemetation of laws to manage plastic waste (Record no. 4098)
| 000 -LEADER | |
|---|---|
| fixed length control field | 00451nam a22001457a 4500 |
| 003 - CONTROL NUMBER IDENTIFIER | |
| control field | OSt |
| 005 - DATE AND TIME OF LATEST TRANSACTION | |
| control field | 20190417155301.0 |
| 008 - FIXED-LENGTH DATA ELEMENTS--GENERAL INFORMATION | |
| fixed length control field | 190417b xxu||||| |||| 00| 0 eng d |
| 050 ## - LIBRARY OF CONGRESS CALL NUMBER | |
| Classification number | HD4485.K4.B37 2019 |
| 100 ## - MAIN ENTRY--PERSONAL NAME | |
| Personal name | Bashir, Halima |
| 245 ## - TITLE STATEMENT | |
| Title | The curse of the plastic bag: an analysis of the effect of plastic bag, implemetation of laws to manage plastic waste |
| Statement of responsibility, etc | Halima Bashir |
| 260 ## - PUBLICATION, DISTRIBUTION, ETC. (IMPRINT) | |
| Place of publication, distribution, etc | Nairobi |
| Date of publication, distribution, etc | 2019 |
| 300 ## - PHYSICAL DESCRIPTION | |
| Extent | iv, 38 p: |
| 942 ## - ADDED ENTRY ELEMENTS (KOHA) | |
| Source of classification or shelving scheme | |
| Koha item type | Research Project |
| Withdrawn status | Lost status | Source of classification or shelving scheme | Damaged status | Not for loan | Home library | Current library | Shelving location | Date acquired | Total Checkouts | Full call number | Barcode | Date last seen | Price effective from | Koha item type |
|---|---|---|---|---|---|---|---|---|---|---|---|---|---|---|
| Riara University Library | Riara University Library | Special Collection | 17/04/2019 | RUSC HD4485.K4.B37 2019 | 10120/19 | 17/04/2019 | 17/04/2019 | Research Project |
